000 01434nam a2200361 i 4500
001 49784
003 ES-MaCES
005 20210726124846.0
007 cr |||||||||||
008 170728s2000 sp |||| o000|| espd
040 _aES-MaCES
_bspa
_cES-MaCES
245 0 0 _aEconomía, trabajo y sociedad : memoria sobre la situación socioeconómica y laboral : España 1999
300 _a XVI, 687 p. (1,9 mb)
500 _aTít. del Acta: Memoria socieconómica y laboral de la nación, año 1999
593 _cMemoria sobre la Situación Socioeconómica y Laboral de España
_f20000524
_iMEM-1999
_rOrdinaria
_sPleno ordinario
_vPresentes (45): (43) sí, (1) no, (1) abst.
650 4 _aeconomía
_926781
650 4 _acondiciones económicas
_927081
650 4 _atrabajo
_928289
650 4 _acondiciones de trabajo
_928327
650 4 _asociedad
_927269
650 4 _acondiciones sociales
_930469
650 4 _acondiciones de vida
_927111
650 4 _aEspaña
_926964
650 4 _a1999
_931200
653 1 0 _aCondiciones económicas
700 1 _aPérez de los Cobos Orihuel, Francisco
_eponente
_920747
700 1 _99050
_aCarpio García, Maximino
_einterviniente
700 1 _920253
_aPalacios Caro, Fernando de
_einterviniente
700 1 _919032
_aMorán Criado, José Manuel
_einterviniente
856 4 _uhttp://www.ces.es/documents/MEM/1999/01
_ytexto completo
902 _aMemoria
942 _2CES
_cDI
_h0.0.
999 _c49784
_d49784